Salters Horners advanced physics: A2 student book (Record no. 56943)

MARC details
000 -LEADER
fixed length control field 00672nam a2200193 a 4500
008 - FIXED-LENGTH DATA ELEMENTS--GENERAL INFORMATION
fixed length control field 090324s2001 ||||||||||||||||| || u
020 ## - INTERNATIONAL STANDARD BOOK NUMBER
International Standard Book Number 0435628925
022 ## - INTERNATIONAL STANDARD SERIAL NUMBER
International Standard Serial Number 0435628925
050 ## - LIBRARY OF CONGRESS CALL NUMBER
Classification number QC 37 Hor
100 ## - MAIN ENTRY--PERSONAL NAME
Personal name Horners, Salters
245 10 - TITLE STATEMENT
Title Salters Horners advanced physics: A2 student book
Statement of responsibility, etc. by Salters Horners
260 ## - PUBLICATION, DISTRIBUTION, ETC.
Place of publication, distribution, etc. Oxford
Name of publisher, distributor, etc. Heinemann
Date of publication, distribution, etc. 2001
300 ## - PHYSICAL DESCRIPTION
Extent 438p.: ill
350 ## - PRICE (NR) (BK AM CF MU VM SE) [OBSOLETE]
Price 0.00
650 #0 - SUBJECT ADDED ENTRY--TOPICAL TERM
Topical term or geographic name entry element PHYSICS
650 ## - SUBJECT ADDED ENTRY--TOPICAL TERM
Topical term or geographic name entry element PHYSICS--STUDY AND TEACHING
650 ## - SUBJECT ADDED ENTRY--TOPICAL TERM
Topical term or geographic name entry element PHYSICS--TEXTBOOKS
995 ## - RECOMMENDATION 995 [LOCAL, UNIMARC FRANCE]
-- 0.00
-- CBU-MAIN LIBRARY (Kitwe)
-- 1
-- 0.00
-- 1
-- AVAILABLE
-- Apr 21, 2009
-- Main Library Open Access Collection
Holdings
Withdrawn status Lost status Source of classification or shelving scheme Damaged status Not for loan Home library Current library Shelving location Date acquired Total Checkouts Full call number Barcode Date last seen Price effective from Koha item type
          CBU-MAIN LIBRARY, KITWE. CBU-MAIN LIBRARY, KITWE.   11/30/2022   QC 37 Hor 739857 11/30/2022 11/30/2022 MONOGRAPH